| Tag |
First Indicator |
Second Indicator |
Subfields |
| LEADER |
00000cam a2200000Mi 4500 |
| 001 |
in00004005821 |
| 005 |
20180917132616.0 |
| 008 |
180524s2018 fr a cb 000 0cfre d |
| 035 |
|
|
|a (OCoLC)on1045099799
|
| 040 |
|
|
|a STF
|b eng
|e rda
|c STF
|d MZA
|
| 020 |
|
|
|a 9782072771620
|q (hbk.)
|
| 020 |
|
|
|a 2072771625
|
| 050 |
|
4 |
|a NX90
|b .C68 2018
|
| 049 |
|
|
|a TXAM
|
| 245 |
0 |
0 |
|a Couples modernes /
|c sous la direction de Emma Lavigne.
|
| 264 |
|
1 |
|a [Paris] :
|b Gallimard ;
|a [Metz] :
|b Centre Pompidou-Metz,
|c [2018]
|
| 264 |
|
4 |
|c copyright 2018
|
| 300 |
|
|
|a 480 pages :
|b illustrations (chiefly color) ;
|c 25 cm
|
| 336 |
|
|
|a text
|b txt
|2 rdacontent
|
| 337 |
|
|
|a unmediated
|b n
|2 rdamedia
|
| 338 |
|
|
|a volume
|b nc
|2 rdacarrier
|
| 500 |
|
|
|a Published on the occasion of the exhibition held at the centre Pompidou-Metz, Metz, France, April 28-August 20, 2018, and at the Barbican centre, London, Great Britain, October 10, 2018-January 27, 2019.
|
| 500 |
|
|
|a "1900-1950"--Cover.
|
| 504 |
|
|
|a Includes bibliographical references.
|
| 505 |
0 |
0 |
|t Emma Lavigne, Le couple, théâtre de la modernité --
|t Elia Biezunski, "Le couple -- ce monstre à deux têtes" --
|t Cloé Pitiot, L'espace du couple, une extensibilité infinie --
|t Dictionnaire des couples modernes, 1900-1950 --
|t Victoria Vanneau, Le couple en droit français --
|t Sylvie Chaperon, Le couple, XIXe-XXe siècles --
|t Dorian Astor, L'art célibataire des couples --
|t Janine Mossuz-Lavau, Quand la politique s'invite dans le couple --
|t François de Singly, Les risques d'enfermement de l'amour conjugal --
|t Éric Smadja, Couples et psychanalyse --
|t Nathalie Ernoult, Chronologie : culture, politique et société, 1900-1950 --
|t Bibliographie sélective --
|t Liste des oeuvres exposées.
|
| 520 |
|
|
|a "Rencontre- Quelle a été la rencontre capitale de votre vie ? Jusqu'à quel point cette rencontre vous a-t-elle donné, vous donne-t-elle l'impression du fortuit ? du nécessaire ? André Breton, en collaboration avec Paul Éluard, Dictionnaire abrégé du surréalisme, 1938. Le dictionnaire de l'exposition "Couples modernes" explore plus de deux cents rencontres essentielles ou contingentes de créateurs, toutes disciplines confondues, de 1900 à 1950, et offre une traversée inédite de l'art moderne."--Page 4 of cover.
|
| 650 |
|
0 |
|a Artist couples
|x History
|y 20th century
|v Exhibitions.
|
| 650 |
|
0 |
|a Artists
|v Biography
|v Exhibitions.
|
| 650 |
|
0 |
|a Arts, Modern
|y 20th century
|v Exhibitions.
|
| 700 |
1 |
|
|a Lavigne, Emma,
|e editor.
|
| 710 |
2 |
|
|a Centre Pompidou-Metz,
|e host institution.
|
| 710 |
2 |
|
|a Barbican Centre for Arts and Conferences,
|e host institution.
|
| 948 |
|
|
|a cataloged
|b h
|c 2018/9/17
|d c
|e ceaton
|f 1:25:32 pm
|
| 994 |
|
|
|a C0
|b TXA
|
| 999 |
f |
f |
|s c516f832-6c71-3e0e-948a-049cfb27b66b
|i 55ad921c-37dd-3191-ac31-3f1448b73a2b
|t 0
|
| 952 |
f |
f |
|p normal
|a Texas A&M University
|b College Station
|c Sterling C. Evans Library
|d Evans: Library Stacks
|t 0
|e NX90 .C68 2018
|h Library of Congress classification
|i unmediated -- volume
|m A14850628935
|
| 998 |
f |
f |
|a NX90 .C68 2018
|t 0
|l Evans: Library Stacks
|